• 首页
  • 本馆介绍
  • 公告通知
  • 最新文献
  • 馆藏检索
  • 电子资源
  • 读者导购
  • 参考咨询
  • 我的图书馆
  • 登录
  • 详细信息显示
  • 放入我的书架
  • 预约/预借图书
  • 作者相关作品
  • 分类相关作品
  • 丛书相关作品
  • 出版社相关作品

书目信息

  • 表格格式
  • 工作单格式
  • 卡片格式
题名:
丁玲戏剧集
    
 
作者: 丁玲 著
分册:  
出版信息: 北京   中国戏剧出版社  1983
页数: 205页
开本: 19cm
丛书名:
单 册:
中图分类: I230.6 , I23
科图分类:
主题词: 剧本--中国--现代--选集
电子资源:
ISBN:
000 00578nam0 2200229 45
001 1539906354
005 20150128081938.29
010    @dCNY1.75
091    @aCN@b8069.364
100    @a19950309d1983 em y0chiy0121 ea
101 0  @achi
102    @aCN@b110000
105    @ay z 000by
200 10 @a丁玲戏剧集@Ading ling xi ju ji@f丁玲著
210    @a北京@c中国戏剧出版社@d1983
215    @a205页@d19cm
606    @a剧本@y中国@z现代@x选集
690    @aI230.6@v3
690    @aI23@v4
701  0 @a丁玲@Ading ling@4著
801  0 @aCN@bTSSF@c20150128
905    @aZUCC@dI23@eJY7
    
    丁玲戏剧集/丁玲著.-北京:中国戏剧出版社,1983
    205页;19cm
    
    
    ISBN :CNY1.75
    
●
相关链接 在E读中查询图书 在五车中查询图书 在当当中查询图书 在豆瓣中查询图书


正题名:丁玲戏剧集     索取号:I23/JY7         预约/预借

序号 登录号 条形码 馆藏地/架位号 状态 备注
1 7843232   278432322   学院路分馆/ [索取号:I23/JY7] 在馆    
唐山师范学院图书馆 欢迎您!
大连网信软件有限公司© 版权所有